Responses for Show #3956 - Monday, November 12, 2001

2001 College Championship quarterfinal game 4.
From the campus at UCLA.

Contestants

[<< previous game]

Matt Schnippert, a sophomore at Florida State University from Jacksonville, Florida

Brittany Rogers, a sophomore at Saddleback College from Lake Forest, California

Tony Nagatani, a junior at Ithaca College from Honolulu, Hawaii

[next game >>]

Jeopardy! Round responses

ZOOLOGY
GEMS & JEWELRY
THE SURF REPORT
MUSIC VIDEOS
NEWSPAPERS & MAGAZINES
E BEFORE I
    $100 3
the endangered species list

Tony
    $100 2
Tiffany's

Matt
    $100 26
[Laughter at Brittany's ringing in with the correct response before Tony]

Hawaii

Brittany
    $100 1
Madonna

Matt
    $100 12
The Washington Post

Matt
    $100 17
a poltergeist

Brittany
    $200 8
legs

Matt
    $200 22
(Brittany: Who is Mary, Queen of Scots?)
(Tony: Who is Queen Elizabeth?)

Queen Victoria

TonyBrittany
Triple Stumper
    $200 27
Indonesia

Matt
    $200 4
"Survivor"

Tony
    $200 13
(Tony: Who is--what is O?)

Rosie O'Donnell

TonyMatt
    $200 18
(Brittany: What is heinous?)

counterfeit

TonyBrittany
    $300 9
(Matt: What are mammals?)
(Tony: What are rodents?)

the weasel family

TonyMatt
Triple Stumper
    $300 23
garnet

Matt
    $300 28
Japan

Matt
    $300 5
Christopher Walken

Brittany
    $300 14
Spin

Triple Stumper
    $300 19
Anaheim

Brittany
    $400 10
rats

Brittany
    $400 24
(Alex: And we have a minute.)

jade

Tony
    $400 29
Australia

Matt
    $400 6
"Lady Marmalade"

Brittany
    $400 15
the Chicago Sun-Times

Matt
    $400 20
an heirloom

Matt
    $500 11
incisors

Matt
    $500 25
amber

Brittany
    $500 30
South Africa

Brittany
    $500 7
Dido

Brittany
    $500 16
Jane

Triple Stumper
    $1,700 21
(Matt: Who is...)

Dwight David Eisenhower

Matt

Scores at the first commercial break (after clue 15):

Tony Brittany Matt
-$200 $1,600 $1,300

Scores at the end of the Jeopardy! Round:

Tony Brittany Matt
$200 $2,700 $1,200

Double Jeopardy! Round responses

LITERATURE
FAMOUS NAMES
CHEMISTRY 101
LOSING YOUR HEAD IN THE MOVIES
WAR BATTLES
(Alex: We'll give you [*], you name the war in which they occurred.)
WORD & PHRASE ORIGINS
    $200 6
the Roman Empire

Tony
    $200 21
Sequoyah

Brittany
    $200 10
(Tony: What is kryptonite?)
[Laughter]

krypton

TonyMatt
    $200 1
Sleepy Hollow

Brittany
    $200 24
the American Revolutionary War

Matt
    $200 16
(Tony: [Stumbling] What is prid quo pro quo?)
(Alex: Say it again.)
(Tony: What is prid pro quo?)

quid pro quo

TonyBrittany
    $400 7
(Daniel) Defoe

Matt
    $400 22
Amelia Earhart

Triple Stumper
    $400 11
a Bunsen burner

Matt
    $400 2
The Omen

Tony
    $400 30
(Brittany: What is Gettysburg?)

the American Civil War

TonyBrittany
    $400 17
an homage

Triple Stumper
    $600 8
Bloomsbury

Triple Stumper
    $600 23
(Alex: All members of the famous [*] family. About a minute to go, now, Brittany.)

Leakey

Triple Stumper
    $600 12
a base

Brittany
    $600 3
Halloween H20

Brittany
    $600 29
World War II

Matt
    $1,000 18
the Baltic Sea

Brittany
    $800 9
Dylan Thomas

Triple Stumper
    $800 28
(Tony: Who is Bill Gates?)
[Laughter]

Seymour Cray

Tony
Triple Stumper
    $800 13
a polymer

Matt
    $800 4
Seven

Tony
    $800 27
Vietnam

Tony
    $800 19
microcosm

Brittany
    $600 15
Hemingway

Tony
    $1000 26
Allan Pinkerton

Triple Stumper
    $1000 14
a covalent bond

Tony
    $1000 5
Re-Animator

Triple Stumper
    $1000 25
the Korean War

Tony
    $1000 20
braggadocio

Triple Stumper

Scores at the end of the Double Jeopardy! Round:

Tony Brittany Matt
$4,200 $5,900 $3,800

Final Jeopardy! Round responses

THE EARLY 20th CENTURY
(Alex: I believe that place in North Carolina is featured on the North Carolina license plate, but don't hold me to that one.)
...
[Matt reacts excitedly at becoming a semifinalist with the reveal of Brittany's wager.]
MattWho are the Wright Bros ??
$3,793
TonyWho is Ford Motor Co ?
$2,200
BrittanyWho are the Wright Brothers
$1,200
the Wright Brothers

Final scores:

Tony Brittany Matt
$2,000 $7,100 $7,593
3rd place: $2,500 if eliminated 2nd place: $2,500 if eliminated Automatic semifinalist

Game dynamics:

Coryat scores:

Tony Brittany Matt
$4,600 $5,500 $5,500
12 R
(including 1 DD),
6 W
16 R
(including 1 DD),
3 W
18 R,
2 W
(including 1 DD)

Combined Coryat: $15,600

[game clues] [game scores] [suggest correction]

Game tape date: 2001-10-06
The J! Archive is created by fans, for fans. Scraping, republication, monetization, and malicious use prohibited; this site may use cookies and collect identifying information. See terms. The Jeopardy! game show and all elements thereof, including but not limited to copyright and trademark thereto, are the property of Jeopardy Productions, Inc. and are protected under law. This website is not affiliated with, sponsored by, or operated by Jeopardy Productions, Inc. Join the discussion at JBoard.tv.